000 00778nam a2200253Ia 4500
003 OSt
005 20221005030345.0
006 a|||||r|||| 00| 0
007 ta
008 221004b |||||||| |||| 00| 0 eng d
020 _a9781107669291 (hbk)
_c1849.91
024 _a14935
037 _b913, 28/07/2014, Bright Book Service
_cTextual
040 _aCRL
_cCRL
_beng
041 _2eng
_aeng
082 _aY73(Q5).1'C, Q4
100 _aSchwartz Seth
_9582616
245 0 _aAncient jews from Alexander to Muhammad
260 _aCambridge
_bCambridge University Press UK
_c2014
300 _axi, 190p.
_ccm.
650 _aSOCIOLOGY
942 _hY73(Q5).1'C, Q4
_cTEXL
_2cc
999 _c936075
_d936075